| 000 | 00531nam a22001937a 4500 | ||
|---|---|---|---|
| 003 | OSt | ||
| 005 | 20160811162405.0 | ||
| 008 | 130209t xxu||||| |||| 00| 0 eng d | ||
| 020 | _a9718711082 | ||
| 050 |
_aLB 1025 _b.G821 1976 |
||
| 100 | _aGregorio, Herman C. | ||
| 245 |
_aPrinciples and methods of teaching / _cHerman C. Gregorio. |
||
| 260 |
_aQuezon City : _bR.P. Garcia, _c1976. |
||
| 300 |
_a580 pages ; _c22 cm. |
||
| 500 | _aIncludes appendix and index. | ||
| 562 | _e1 | ||
| 942 |
_2lcc _cBK _kLOC |
||
| 999 |
_c18135 _d18135 |
||